| 000 | 00640cam a2200253 4500 | ||
|---|---|---|---|
| 001 | J3675 | ||
| 008 | 090401t1996 xxu||||| |||| 00| 0 eng d | ||
| 035 | _a(Sirsi) u56400 | ||
| 041 | _aeng | ||
| 050 | _a333.332 | ||
| 100 | _aRice, Peter | ||
| 245 | _aDraft for problems with doctor`s surgeries. | ||
| 260 | _c1996 | ||
| 300 | _a15 leaves ; 30cm. | ||
| 350 | _a0 | ||
| 520 | _aLooks at the problems of valuing GP`s surgeries. | ||
| 650 | _aCOST RENT SCHEME | ||
| 650 | _aDOCTORS' SURGERIES | ||
| 650 | _aHEALTH CENTRES | ||
| 650 |
_aValuation _96273 |
||
| 690 | _aRATING AND VALUATION | ||
| 942 | _n0 | ||
| 948 | _c04/03/1997 | ||
| 999 |
_c93785 _d93785 |
||